<?xml version="1.0" encoding="UTF-8"?>
<marc:record xmlns:marc="http://www.loc.gov/MARC21/slim">
   <marc:leader>00000nam a2200000 a 4500</marc:leader>
   <marc:datafield ind1="0" ind2="0" tag="245">
      <marc:subfield code="a">The Hills Have Eyes</marc:subfield>
   </marc:datafield>
   <marc:datafield ind1="0" ind2="0" tag="245">
      <marc:subfield code="b">Hügel der blutigen Augen</marc:subfield>
   </marc:datafield>
   <marc:datafield ind1=" " ind2="1" tag="264">
      <marc:subfield code="b">20th Century Fox</marc:subfield>
      <marc:subfield code="c">2005</marc:subfield>
   </marc:datafield>
   <marc:datafield ind1="1" ind2=" " tag="520">
      <marc:subfield code="a">Die Carters, eine amerikanische Durchschnittsfamilie, befinden sich in einem komfortabel eingerichteten Wohnmobil auf dem Weg in die Ferien. Da gibt ihr Fahrzeug auf einem scheinbar verlassenen Militärgelände mitten in der kalifornischen Wüste seinen Geist auf. Fernab von der nächsten Stadt werden die Carters in der Nacht von einer mordlustigen Mutantenfamilie attackiert. Die hat nichts anderes im Sinn als den Tod der Urlauber. Doch ganz ohne Gegenwehr lassen sich die Carters nicht ins Jenseits befördern...</marc:subfield>
   </marc:datafield>
   <marc:datafield ind1=" " ind2=" " tag="500">
      <marc:subfield code="a">Deutsch, Englisch</marc:subfield>
   </marc:datafield>
   <marc:datafield ind1="0" ind2=" " tag="490">
      <marc:subfield code="v">0</marc:subfield>
   </marc:datafield>
   <marc:datafield ind1=" " ind2=" " tag="300">
      <marc:subfield code="a">104 Min.</marc:subfield>
   </marc:datafield>
</marc:record>
